1415 1977 1261 1165 1264 1731 1717 1288 1644 1457 1508 1954 1329 1949 1882 1855 1603 1022 1863 1957 1286 1069 1302 1662 1832 1241 1775 1582 1938 1639 1434 1116 1324 1900 1326 1313 1544 1615 1740 1791 1395 1910 1227 1275 1021 1985 1406 1492 1239 1917 1248 1177 1612 1637 1068 1922 1460 1635 1324 1853 1823 1801 1939 1960 1684 1744 1105 1725 1714 1068 1789 1246 1823 1937 1791 1491 1626 1844 1585 1742 1679 1201 1407 1502 1287 1903 1560 1325 1031 1529 1050 1436 1312 1239 1082 1165 1466 1546 1293 BCNSPRNW ULIB Ver.6.0+V

เปลี่ยนเป็นภาษาไทย

Change to English
 แสดงรายละเอียดบรรณานุกรม
  กลับหน้าหลัก

Brief Record : Get Marc (ISO 2709) : E-mail record : QR code < ปิดหน้าต่าง
LEADER : 00000nam 2200000uu 4500
001    13399114845
003     ULIB
008    110627s2555||||th 000 0 tha d
090    นว.^b
245 00 เจ้าแห่งชา/^c
250    พิมพ์ครั้งที่ 1
260    กรุงเทพฯ :^bแจ่มใส,^c2555-
300    225 หน้า
710 1  แจ่มใส
945    ^p0^l0^i026770
995    ทศพร
999 ^a ใช้งานได้ทุกระบบ
รายการนี้ยังไม่มีแท็ก
คุณยังไม่ได้ล็อกอิน คุณสามารถมีกิจกรรมร่วมกับเว็บไซต์ได้ แต่ต้องล็อกอินก่อน ::
  ล็อกอิน

รายการสื่อสารสนเทศ

ลำดับที่ ประเภท เลขเรียก/บาร์โค้ด สถานที่ สถานะ
1. นวนิยาย
นวนิยาย
นว. ฉ.1 
  Barcode: 026770
ห้องสมุดวิทยาเขตสวรรค์ประชารักษ์
►นวนิยาย
บนชั้น
  ขอยืม

BibComment


ยังไม่เคยถูกคอมเมนท์

คอมเมนท์ทรัพยากรรายการนี้
  คอมเมนท์: เจ้าแห่งชา


 Copyright 2026. Bcnsprnw @Library